[Event "SF Essen-Werden 1 - SF Lieme 1"]
[Site "NRW-Liga - Gruppe 1 2021/2022"]
[Date "2021.10.31"]
[Round "1.1"]
[White "Schuh, Dirk"]
[Black "Kaufeld, Juergen"]
[Result "1-0"]
[WhiteElo "2321"]
[BlackElo "2271"]
[PlyCount "83"]
[EventDate "2021.??.??"]
[SourceVersionDate "2020.03.16"]
[WhiteTeam "SF Lieme 1"]
[BlackTeam "SF Essen-Werden 1"]

1. c4 e6 2. Nf3 d5 3. e3 Nf6 4. b3 Nbd7 5. Bb2 Bd6 6. Nc3 c6 7. Qc2 Qe7 8. Be2
O-O 9. O-O Re8 10. Rfd1 a6 11. d4 b5 12. e4 dxe4 13. Nxe4 Nxe4 14. Qxe4 Nf6 15.
Qh4 bxc4 16. Bxc4 Nd5 17. Qe4 Nf6 18. Qh4 Nd5 19. Qe4 Nf6 20. Qc2 Bb7 21. Bd3
h6 22. Rac1 Nd5 23. Bh7+ Kh8 24. Be4 Nf6 25. Bd3 Nd5 26. Qe2 Nf4 27. Qe3 Nd5
28. Qe4 Nf6 29. Qe2 Rec8 30. Ne5 Kg8 31. Nc4 Nd5 32. Qe4 f5 33. Qf3 Bf4 34. Rc2
a5 35. Re2 Qf6 36. Rde1 Re8 37. Ne5 Bxe5 38. Rxe5 g6 39. Qg3 Kh7 40. h4 Re7 41.
Ba3 Nb4 42. h5 1-0

[Event "SF Essen-Werden 1 - SF Lieme 1"]
[Site "NRW-Liga - Gruppe 1 2021/2022"]
[Date "2021.10.31"]
[Round "1.2"]
[White "Kauch, Markus"]
[Black "Wittke, Rene"]
[Result "0-1"]
[WhiteElo "2142"]
[BlackElo "2273"]
[PlyCount "120"]
[EventDate "2021.??.??"]
[SourceVersionDate "2020.03.16"]
[WhiteTeam "SF Essen-Werden 1"]
[BlackTeam "SF Lieme 1"]

1. Nf3 Nf6 2. c4 g6 3. g3 Bg7 4. Bg2 O-O 5. O-O d6 6. Nc3 Nc6 7. d4 a6 8. h3
Rb8 9. Be3 b5 10. cxb5 axb5 11. Rc1 Na5 12. b3 c6 13. Qd2 b4 14. Nb1 Re8 15.
Bh6 Bh8 16. Rfd1 Qb6 17. Ng5 Ba6 18. e4 e5 19. dxe5 dxe5 20. Qc2 Rbd8 21. Nf3
Nd7 22. Be3 c5 23. Rd2 Nb7 24. Bf1 Bg7 25. Bc4 h6 26. Bd5 Bf8 27. a3 Nf6 28.
axb4 Nxd5 29. exd5 Qxb4 30. Nc3 e4 31. Ne1 Na5 32. d6 Bb7 33. Nd5 Bxd5 34. Rxd5
Nxb3 35. Bxc5 Nxc5 36. Rxc5 Bxd6 37. Rc4 Qb7 38. Ng2 Re5 39. Re1 Rde8 40. Ne3
h5 41. Rc6 Bb8 42. Qc4 Kg7 43. Nd5 Ba7 44. Qc3 Bd4 45. Qc4 Qb2 46. Ne3 R8e7 47.
h4 Ra5 48. Kg2 Ba7 49. Re2 Qe5 50. Qb4 Rb5 51. Qa4 Rb1 52. Ra6 Bc5 53. Qc2 Rb5
54. Ra4 Rb8 55. Ra5 Rc8 56. Nc4 Qf6 57. Qa2 Qf3+ 58. Kh2 e3 59. fxe3 Bxe3 60.
Qb2+ Kh7 0-1

[Event "SF Essen-Werden 1 - SF Lieme 1"]
[Site "NRW-Liga - Gruppe 1 2021/2022"]
[Date "2021.10.31"]
[Round "1.3"]
[White "Niermann, Tristan"]
[Black "Roth, Markus"]
[Result "1-0"]
[WhiteElo "2215"]
[BlackElo "2170"]
[PlyCount "53"]
[EventDate "2021.??.??"]
[SourceVersionDate "2020.03.16"]
[WhiteTeam "SF Lieme 1"]
[BlackTeam "SF Essen-Werden 1"]

1. e4 c5 2. Nf3 Nc6 3. c3 e6 4. d4 d5 5. exd5 Qxd5 6. Be3 cxd4 7. cxd4 Nf6 8.
Nc3 Qd6 9. a3 Be7 10. Bd3 O-O 11. O-O b6 12. Qe2 Bb7 13. Rad1 Rac8 14. Bg5 g6
15. Rfe1 Rfe8 16. Bb1 Qb8 17. Ba2 Kg7 18. Ne5 Nxe5 19. dxe5 Ng8 20. h4 Bxg5 21.
hxg5 h5 22. Qe3 Bc6 23. Qf4 Red8 24. Rd6 b5 25. Ne2 Ba8 26. Nd4 Re8 27. Rd7 1-0

[Event "SF Essen-Werden 1 - SF Lieme 1"]
[Site "NRW-Liga - Gruppe 1 2021/2022"]
[Date "2021.10.31"]
[Round "1.4"]
[White "Berger, Konstantin"]
[Black "Himpenmacher, Andy"]
[Result "1-0"]
[WhiteElo "2090"]
[BlackElo "2177"]
[PlyCount "79"]
[EventDate "2021.??.??"]
[SourceVersionDate "2020.03.16"]
[WhiteTeam "SF Essen-Werden 1"]
[BlackTeam "SF Lieme 1"]

1. e4 e6 2. d4 d5 3. Nd2 Nc6 4. Ngf3 Nf6 5. e5 Nd7 6. c3 f6 7. Bd3 fxe5 8. Nxe5
Ndxe5 9. dxe5 Nxe5 10. Qh5+ Nf7 11. Bxh7 Bd6 12. Nf3 Kf8 13. Nh4 Rxh7 14. Qxh7
Qf6 15. O-O b6 16. Ng6+ Ke8 17. h4 Kd7 18. Re1 Ba6 19. Bg5 Qf5 20. Qxg7 Bd3 21.
Ne5+ Bxe5 22. Rxe5 Qh7 23. Qxh7 Bxh7 24. Re3 e5 25. Bf6 Re8 26. Rae1 Kd6 27. g4
Re6 28. g5 Bg6 29. Kg2 c5 30. f4 e4 31. Kg3 Bh5 32. f5 Re8 33. Kf4 Bf3 34. a3
Ne5 35. Bxe5+ Rxe5 36. g6 d4 37. cxd4 cxd4 38. Rxe4 Bxe4 39. Rxe4 d3 40. Rd4+
1-0

[Event "SF Essen-Werden 1 - SF Lieme 1"]
[Site "NRW-Liga - Gruppe 1 2021/2022"]
[Date "2021.10.31"]
[Round "1.5"]
[White "Erofeev, Anastasia"]
[Black "ter Steeg, Marcus"]
[Result "1/2-1/2"]
[WhiteElo "1993"]
[BlackElo "1992"]
[PlyCount "80"]
[EventDate "2021.??.??"]
[SourceVersionDate "2020.03.16"]
[WhiteTeam "SF Lieme 1"]
[BlackTeam "SF Essen-Werden 1"]

1. d4 Nf6 2. c4 e6 3. g3 d5 4. Bg2 Bb4+ 5. Bd2 Bd6 6. Nf3 Nbd7 7. Qc2 c6 8. O-O
O-O 9. Bf4 Bxf4 10. gxf4 Ne4 11. Ne5 f5 12. f3 Nd6 13. c5 Nxe5 14. dxe5 Nc4 15.
Qc3 b6 16. b3 Na5 17. e3 Ba6 18. Rc1 Qe7 19. Nd2 Rfc8 20. b4 Nc4 21. Bf1 bxc5
22. bxc5 Qxc5 23. Nxc4 Bxc4 24. Bxc4 dxc4 25. Kf2 Rd8 26. Rc2 Rab8 27. Rac1 Rb4
28. Qa3 Rd5 29. Qa6 Rb8 30. Kg3 Qxe3 31. Qxc6 Rd4 32. Qxe6+ Kh8 33. Qxf5 h6 34.
Rxc4 Rxc4 35. Rxc4 Qe1+ 36. Kg4 Qg1+ 37. Kh4 Qf2+ 38. Kg4 Qg2+ 39. Kh4 Qf2+ 40.
Kg4 Qg2+ 1/2-1/2

[Event "SF Essen-Werden 1 - SF Lieme 1"]
[Site "NRW-Liga - Gruppe 1 2021/2022"]
[Date "2021.10.31"]
[Round "1.6"]
[White "Huette, Stefan"]
[Black "Hueck, Marvin Constantin"]
[Result "1-0"]
[WhiteElo "2008"]
[BlackElo "1910"]
[Annotator "daniel"]
[PlyCount "93"]
[EventDate "2021.??.??"]
[SourceVersionDate "2020.03.16"]
[WhiteTeam "SF Essen-Werden 1"]
[BlackTeam "SF Lieme 1"]

1. d4 Nf6 2. Bg5 c5 3. Bxf6 gxf6 4. d5 f5 5. Qd3 Bg7 6. c3 Qb6 7. Qc2 e6 8.
dxe6 fxe6 9. Nd2 Nc6 10. e3 d5 11. Be2 O-O 12. Nh3 e5 13. Bf3 Qd8 14. Qb3 c4
15. Qb5 Be6 16. Rd1 e4 17. Nf4 Rf6 18. Nxe6 Rxe6 19. Be2 a6 20. Qa4 b5 21. Qc2
Ne5 22. O-O Qh4 23. f3 Rh6 24. h3 Rd6 25. fxe4 fxe4 26. Rf4 Qg5 27. Nf1 Rg6 28.
Bg4 Nd3 29. Rf5 Qe7 30. Qe2 Be5 31. Bh5 Rg7 32. Nh2 $11 Bxh2+ 33. Kxh2 Qd6+ 34.
Kh1 Rf8 35. Rdf1 Rxf5 36. Rxf5 a5 37. Qf1 b4 38. Bf7+ Rxf7 39. Rxf7 Qe6 40. Rf6
Qe7 41. Qf5 Nxb2 42. Qxd5+ Kg7 43. Qg5+ Kh8 44. Qh6 Kg8 45. Ra6 Qf8 46. Qg5+
Kh8 47. Qe5+ 1-0

[Event "SF Essen-Werden 1 - SF Lieme 1"]
[Site "NRW-Liga - Gruppe 1 2021/2022"]
[Date "2021.10.31"]
[Round "1.7"]
[White "Karsunke, Marvin"]
[Black "Rehfeldt, Jens"]
[Result "1/2-1/2"]
[WhiteElo "1877"]
[BlackElo "1977"]
[PlyCount "51"]
[EventDate "2021.??.??"]
[SourceVersionDate "2020.03.16"]
[WhiteTeam "SF Lieme 1"]
[BlackTeam "SF Essen-Werden 1"]

1. Nf3 Nc6 2. d4 d5 3. g3 Bg4 4. Bg2 Qd7 5. h3 Bf5 6. c3 f6 7. Nbd2 O-O-O 8. b4
Nh6 9. Nb3 e6 10. Bxh6 gxh6 11. Nc5 Bxc5 12. bxc5 Be4 13. O-O e5 14. Kh2 Kb8
15. a4 Rhe8 16. Ra2 Na5 17. h4 Nc4 18. Nd2 Bxg2 19. Kxg2 Na5 20. e3 Qf5 21. Qb1
Qxb1 22. Rxb1 c6 23. Kf3 h5 24. Rab2 Rd7 25. Rb4 Rg8 26. Ke2 1/2-1/2

[Event "SF Essen-Werden 1 - SF Lieme 1"]
[Site "NRW-Liga - Gruppe 1 2021/2022"]
[Date "2021.10.31"]
[Round "1.8"]
[White "Mann, Gergely"]
[Black "Wittke, Rico"]
[Result "1-0"]
[WhiteElo "1823"]
[BlackElo "1605"]
[PlyCount "65"]
[EventDate "2021.??.??"]
[SourceVersionDate "2020.03.16"]
[WhiteTeam "SF Essen-Werden 1"]
[BlackTeam "SF Lieme 1"]

1. d4 Nf6 2. c4 b6 3. Nc3 Bb7 4. Nf3 e6 5. a3 d5 6. cxd5 Nxd5 7. e3 Nxc3 8.
bxc3 Bd6 9. Bd3 Nd7 10. e4 e5 11. O-O O-O 12. Nd2 a5 13. f4 Nc5 14. Bc2 exd4
15. cxd4 Ne6 16. d5 Nxf4 17. Nb3 Ng6 18. Nd4 Be5 19. Be3 Bc8 20. Rc1 Qd6 21.
Nb5 Qe7 22. Nd4 Qxa3 23. Qd2 Ba6 24. Rf3 Nh4 25. Rh3 Ng6 26. Nf5 Qb4 27. Qf2 a4
28. Qf3 Rfd8 29. Rf1 Bxf1 30. Qh5 Nf8 31. Kxf1 Qc4+ 32. Kg1 Qxc2 33. Ne7+ 1-0

[Event "SG Bünde 1 - SVG Plettenberg 1"]
[Site "NRW-Liga - Gruppe 1 2021/2022"]
[Date "2021.10.31"]
[Round "1.2"]
[White "Brunke, Pascal"]
[Black "Litwak, Aleksej"]
[Result "0-1"]
[WhiteElo "2012"]
[BlackElo "2285"]
[PlyCount "82"]
[EventDate "2021.??.??"]
[SourceVersionDate "2020.03.16"]
[WhiteTeam "SG Bünde 1"]
[BlackTeam "SVG Plettenberg 1"]

1. e4 c5 2. c3 Nf6 3. e5 Nd5 4. Nf3 e6 5. d4 cxd4 6. cxd4 d6 7. Bc4 Be7 8. O-O
O-O 9. Qe2 Nc6 10. Qe4 Qc7 11. Bb3 Bd7 12. Nc3 Nxc3 13. bxc3 dxe5 14. dxe5 Na5
15. Bc2 g6 16. Bh6 Rfd8 17. Qf4 Qxc3 18. Ng5 Be8 19. Rac1 Qd4 20. Be4 Rac8 21.
Nf3 Qa4 22. h4 Rxc1 23. Rxc1 Rd1+ 24. Rxd1 Qxd1+ 25. Kh2 Qe2 26. Bg5 Bf8 27. h5
Qxf2 28. hxg6 hxg6 29. Bh4 Qe2 30. Bf6 Nc6 31. Qh4 Bg7 32. Bxg7 Kxg7 33. Qf6+
Kg8 34. Ng5 Qh5+ 35. Kg1 Qd1+ 36. Kh2 Qh5+ 37. Kg1 Qh8 38. Qf2 Nxe5 39. Bxb7
Ng4 40. Qxa7 Qh2+ 41. Kf1 Bb5+ 0-1

[Event "SG Bünde 1 - SVG Plettenberg 1"]
[Site "NRW-Liga - Gruppe 1 2021/2022"]
[Date "2021.10.31"]
[Round "1.3"]
[White "Schulze, Marc"]
[Black "Kettler, Ilija Jonas"]
[Result "0-1"]
[WhiteElo "2231"]
[BlackElo "2074"]
[PlyCount "88"]
[EventDate "2021.??.??"]
[SourceVersionDate "2020.03.16"]
[WhiteTeam "SVG Plettenberg 1"]
[BlackTeam "SG Bünde 1"]

1. d4 Nf6 2. Bf4 d5 3. e3 c5 4. c3 Nc6 5. Nf3 Qb6 6. Qb3 c4 7. Qc2 Bf5 8. Qc1
Nh5 9. Bg3 Nxg3 10. hxg3 g6 11. Nbd2 Bg7 12. Be2 Qc7 13. Bd1 O-O 14. Bc2 Bxc2
15. Qxc2 b5 16. e4 Rad8 17. exd5 Rxd5 18. Qe4 Rfd8 19. Nf1 e5 20. Ne3 R5d7 21.
dxe5 Nxe5 22. Nxe5 Qxe5 23. Qxe5 Bxe5 24. a4 b4 25. Nxc4 bxc3 26. Nxe5 cxb2 27.
Rb1 Rd1+ 28. Ke2 Rxh1 29. Rxh1 Re8 30. f4 f6 31. Rb1 fxe5 32. Rxb2 exf4+ 33.
Kf3 fxg3 34. Rb7 Rf8+ 35. Kxg3 Rf7 36. Rb8+ Kg7 37. a5 Kh6 38. Rb4 Rf5 39. Ra4
a6 40. Kg4 Kg7 41. Kh4 h5 42. g4 Re5 43. gxh5 gxh5 44. Ra1 Kf6 0-1

[Event "SG Bünde 1 - SVG Plettenberg 1"]
[Site "NRW-Liga - Gruppe 1 2021/2022"]
[Date "2021.10.31"]
[Round "1.4"]
[White "Brunke, Christian"]
[Black "Wichmann, Frank"]
[Result "1/2-1/2"]
[WhiteElo "2107"]
[BlackElo "1866"]
[PlyCount "109"]
[EventDate "2021.??.??"]
[SourceVersionDate "2020.03.16"]
[WhiteTeam "SG Bünde 1"]
[BlackTeam "SVG Plettenberg 1"]

1. e4 c5 2. c3 e6 3. d4 cxd4 4. cxd4 a6 5. Nf3 Nf6 6. Nc3 d5 7. e5 Nfd7 8. Bd3
Be7 9. Be3 Nc6 10. Rc1 Nf8 11. h4 Bd7 12. a3 Qa5 13. Bd2 Qb6 14. Na4 Qa7 15.
Be3 b6 16. b4 Kd8 17. O-O Rc8 18. Nc3 b5 19. Ne2 Be8 20. g3 Nd7 21. Nf4 Nb6 22.
Ng5 Bxg5 23. hxg5 Nc4 24. Bxc4 bxc4 25. Qg4 Qe7 26. Ne2 Na7 27. Ra1 Ba4 28.
Rfc1 Bd7 29. Bd2 Ke8 30. Kg2 f5 31. gxf6 gxf6 32. Rh1 fxe5 33. Qh5+ Qf7 34.
Qxe5 Rf8 35. Bf4 Nc6 36. Qh5 Qxh5 37. Rxh5 Rf7 38. Rah1 e5 39. dxe5 Bg4 40.
Rxh7 Rxh7 41. Rxh7 d4 42. f3 Be6 43. g4 c3 44. Nc1 Nd8 45. Rh8+ Kd7 46. Nd3 Bc4
47. Nc5+ Rxc5 48. bxc5 d3 49. Rh1 Bb3 50. Kf2 Ne6 51. Be3 d2 52. Ke2 Bc4+ 53.
Kd1 Bb3+ 54. Ke2 Bc4+ 55. Kd1 1/2-1/2

[Event "SG Bünde 1 - SVG Plettenberg 1"]
[Site "NRW-Liga - Gruppe 1 2021/2022"]
[Date "2021.10.31"]
[Round "1.5"]
[White "Kraemer, Roland"]
[Black "Fuhlrott, Tim"]
[Result "1/2-1/2"]
[WhiteElo "1767"]
[BlackElo "1996"]
[PlyCount "130"]
[EventDate "2021.??.??"]
[SourceVersionDate "2020.03.16"]
[WhiteTeam "SVG Plettenberg 1"]
[BlackTeam "SG Bünde 1"]

1. Nf3 c5 2. g3 Nc6 3. Bg2 Nf6 4. O-O d5 5. d3 g6 6. Nbd2 Bg7 7. c3 O-O 8. Re1
b6 9. e4 dxe4 10. dxe4 Qc7 11. Qc2 e5 12. Nc4 Be6 13. Ne3 h6 14. Bf1 Rfd8 15.
Bc4 Bxc4 16. Nxc4 b5 17. Ne3 c4 18. a4 a6 19. axb5 axb5 20. Rxa8 Rxa8 21. Rd1
Rd8 22. h4 Rxd1+ 23. Qxd1 Nxe4 24. Qd5 Nd6 25. Ng4 e4 26. Nfe5 Nxe5 27. Nxe5
Nf5 28. Nxg6 Qd6 29. Ne7+ Qxe7 30. Qxf5 Qe5 31. Qc8+ Kh7 32. Bf4 Qd5 33. Qe8 b4
34. cxb4 Bxb2 35. b5 Bd4 36. Qc6 Qe6 37. Qxe6 fxe6 38. Kf1 Kg6 39. Be3 Be5 40.
b6 Bb8 41. Ke2 c3 42. Bd4 c2 43. Kd2 Kf5 44. Kxc2 h5 45. Kd2 e5 46. Bc5 Ke6 47.
Be3 Kd5 48. Kc3 Bd6 49. b7 Kc6 50. Kc4 Kxb7 51. Kd5 Kc7 52. Kxe4 Kc6 53. Kf5
Kd5 54. g4 hxg4 55. Kxg4 Ke6 56. Kg5 Be7+ 57. Kg4 Kf7 58. h5 Kg7 59. Kf5 Bh4
60. f3 Bg3 61. Kg5 Bh2 62. Bc5 Bf4+ 63. Kf5 Kh6 64. Bd6 Kxh5 65. Bxe5 Bd2
1/2-1/2

[Event "SG Bünde 1 - SVG Plettenberg 1"]
[Site "NRW-Liga - Gruppe 1 2021/2022"]
[Date "2021.10.31"]
[Round "1.6"]
[White "Altenbernd, Jannis-Domenik"]
[Black "Nhan, Jinhon Raymon"]
[Result "1/2-1/2"]
[WhiteElo "1995"]
[BlackElo "1617"]
[PlyCount "73"]
[EventDate "2021.??.??"]
[SourceVersionDate "2020.03.16"]
[WhiteTeam "SG Bünde 1"]
[BlackTeam "SVG Plettenberg 1"]

1. d4 e6 2. c4 Nf6 3. Nc3 Bb4 4. Qc2 O-O 5. Bg5 d6 6. a3 Bxc3+ 7. Qxc3 Nbd7 8.
Nf3 b6 9. e3 Bb7 10. Bd3 Qc8 11. Qc2 a5 12. e4 h6 13. Bh4 Kh8 14. O-O-O Re8 15.
Rhg1 c5 16. d5 Ng4 17. h3 Nge5 18. Nxe5 Nxe5 19. Be2 exd5 20. exd5 Ba6 21. Rdf1
Qb7 22. a4 Ra7 23. f4 Ng6 24. Be1 Qe7 25. Bd3 Nxf4 26. Bd2 Nxd3+ 27. Qxd3 Qe4
28. Qxe4 Rxe4 29. b3 Bxc4 30. bxc4 Rxc4+ 31. Kb2 Rxa4 32. Rf4 Rxf4 33. Bxf4 Rd7
34. Re1 g5 35. Bg3 Kg7 36. Kc3 b5 37. Rb1 1/2-1/2

[Event "SG Bünde 1 - SVG Plettenberg 1"]
[Site "NRW-Liga - Gruppe 1 2021/2022"]
[Date "2021.10.31"]
[Round "1.7"]
[White "Nhan, Jiehou"]
[Black "Hagemeier, Ulrich"]
[Result "0-1"]
[WhiteElo "1477"]
[BlackElo "2004"]
[PlyCount "90"]
[EventDate "2021.??.??"]
[SourceVersionDate "2020.03.16"]
[WhiteTeam "SVG Plettenberg 1"]
[BlackTeam "SG Bünde 1"]

1. e4 c6 2. d4 d5 3. exd5 cxd5 4. Nf3 Nc6 5. c4 Nf6 6. Be2 g6 7. O-O Bg7 8. Nc3
O-O 9. h3 b6 10. Bg5 dxc4 11. Bxc4 Na5 12. Bb3 Bb7 13. Re1 h6 14. Bf4 e6 15.
Ne5 Nxb3 16. axb3 Nd5 17. Bd2 Ne7 18. Bf4 g5 19. Bh2 Nf5 20. Ra4 a6 21. g4 Ne7
22. b4 Nd5 23. Qb3 b5 24. Ra3 Nxc3 25. bxc3 Qb6 26. Re3 Rfd8 27. Ra1 Rac8 28.
Rae1 Ba8 29. f3 Qb7 30. Nd3 Rxc3 31. Qxc3 Bxd4 32. Qxd4 Rxd4 33. Nc5 Qd5 34.
Nxe6 Rd1 35. Nc7 Rxe1+ 36. Rxe1 Qd4+ 37. Kg2 Qd2+ 38. Kf1 Qd3+ 39. Kg1 Qd4+ 40.
Kf1 Qc4+ 41. Kg2 Bc6 42. Bg3 Qxb4 43. Ne8 Bxe8 44. Rxe8+ Kg7 45. Be5+ f6 0-1

[Event "SG Bünde 1 - SVG Plettenberg 1"]
[Site "NRW-Liga - Gruppe 1 2021/2022"]
[Date "2021.10.31"]
[Round "1.8"]
[White "Gudath, Reiner"]
[Black "Skapski, Miroslaw"]
[Result "1-0"]
[WhiteElo "1855"]
[BlackElo "1440"]
[PlyCount "107"]
[EventDate "2021.??.??"]
[SourceVersionDate "2020.03.16"]
[WhiteTeam "SG Bünde 1"]
[BlackTeam "SVG Plettenberg 1"]

1. c4 Nf6 2. g3 c5 3. Bg2 Nc6 4. Nf3 e6 5. Nc3 d5 6. cxd5 exd5 7. d4 a6 8. O-O
Be7 9. h3 O-O 10. a4 Re8 11. Re1 h6 12. b3 Be6 13. e3 Rc8 14. Ne2 Ne4 15. Bb2
Bf6 16. Rc1 cxd4 17. Nexd4 Nxd4 18. Nxd4 Rxc1 19. Qxc1 Bxd4 20. Bxd4 Qd7 21.
Qb2 f6 22. Kh2 Ng5 23. h4 Ne4 24. Rc1 Rc8 25. Kg1 Rc6 26. a5 Qc7 27. Rxc6 Qxc6
28. b4 Nd6 29. Bc5 Kf7 30. Bxd6 Qxd6 31. Qd4 Qc6 32. e4 dxe4 33. Bxe4 Qc8 34.
Qb6 Bc4 35. Qxb7+ Qxb7 36. Bxb7 Bb5 37. f3 Ke6 38. Kf2 Ke5 39. Ke3 g5 40. f4+
gxf4+ 41. gxf4+ Kd6 42. Ke4 Kc7 43. Bd5 Kd6 44. Kd4 Be2 45. Be4 Bb5 46. Ba8 Be2
47. Ke4 Bf1 48. Kf5 Ke7 49. Kg6 Ke6 50. Be4 Be2 51. Kxh6 f5 52. Bc6 Kf6 53. b5
axb5 54. a6 1-0

[Event "Düsseldorfer SK 2 - Elberfelder SG 1"]
[Site "NRW-Liga - Gruppe 1 2021/2022"]
[Date "2021.10.31"]
[Round "1.1"]
[White "Odendahl, Reiner"]
[Black "de Gleria, Francesco"]
[Result "1/2-1/2"]
[WhiteElo "2279"]
[BlackElo "2338"]
[PlyCount "57"]
[EventDate "2021.??.??"]
[SourceVersionDate "2020.03.16"]
[WhiteTeam "Elberfelder SG 1"]
[BlackTeam "Düsseldorfer SK 2"]

1. c4 c5 2. Nf3 Nc6 3. g3 e5 4. Nc3 g6 5. Bg2 Bg7 6. a3 a5 7. O-O Nge7 8. d3
O-O 9. Bg5 f6 10. Be3 d6 11. Ne1 Kh8 12. Rb1 Rb8 13. Nc2 Nf5 14. Nd5 Be6 15. b4
axb4 16. axb4 Bxd5 17. Bxd5 Nxe3 18. fxe3 cxb4 19. Nxb4 Ne7 20. e4 Qc8 21. Kg2
Bh6 22. Nc2 Nxd5 23. exd5 b5 24. Na3 bxc4 25. Rxb8 Qxb8 26. Nxc4 Rf7 27. Qa4
Bf8 28. Ra1 Kg7 29. Qa8 1/2-1/2

[Event "Düsseldorfer SK 2 - Elberfelder SG 1"]
[Site "NRW-Liga - Gruppe 1 2021/2022"]
[Date "2021.10.31"]
[Round "1.2"]
[White "Hainke, Guntram"]
[Black "Dresen, Ulrich"]
[Result "1/2-1/2"]
[WhiteElo "2292"]
[BlackElo "2175"]
[PlyCount "104"]
[EventDate "2021.??.??"]
[SourceVersionDate "2020.03.16"]
[WhiteTeam "Düsseldorfer SK 2"]
[BlackTeam "Elberfelder SG 1"]

1. d4 Nf6 2. c4 e6 3. Nc3 Bb4 4. e3 O-O 5. Bd2 b6 6. Nf3 Bb7 7. Bd3 d5 8. cxd5
exd5 9. O-O Nbd7 10. Rc1 a6 11. Ne5 Bd6 12. f4 c5 13. Qf3 b5 14. Rfd1 c4 15.
Bb1 Rb8 16. Be1 Nb6 17. Bh4 Be7 18. a3 Ne4 19. Bxe7 Qxe7 20. Nxe4 dxe4 21. Qe2
Bd5 22. Qd2 f6 23. Ng4 Nc8 24. Qa5 Qe6 25. h3 Ne7 26. Nh2 Qb6 27. Qxb6 Rxb6 28.
Nf1 f5 29. Nd2 a5 30. a4 Rc8 31. axb5 Rxb5 32. Rc2 Rb4 33. Rdc1 Rcb8 34. Ba2
Rxb2 35. Bxc4 Bxc4 36. Nxc4 Rxc2 37. Rxc2 Rc8 38. Kf2 Nd5 39. Na3 Rxc2+ 40.
Nxc2 Kf7 41. Ke2 Ke6 42. Na3 Kd7 43. Kd2 Kc6 44. Nb1 Nb6 45. Na3 g6 46. Kc2 Nd5
47. Kd2 a4 48. Nb1 Nb6 49. Na3 Nd5 50. Nb1 Nb6 51. Na3 Kb7 52. Nc2 Nd5 1/2-1/2

[Event "Düsseldorfer SK 2 - Elberfelder SG 1"]
[Site "NRW-Liga - Gruppe 1 2021/2022"]
[Date "2021.10.31"]
[Round "1.3"]
[White "Volkov, Mykyta"]
[Black "Reinke, Markus"]
[Result "1-0"]
[WhiteElo "2201"]
[BlackElo "2189"]
[PlyCount "57"]
[EventDate "2021.??.??"]
[SourceVersionDate "2020.03.16"]
[WhiteTeam "Elberfelder SG 1"]
[BlackTeam "Düsseldorfer SK 2"]

1. d4 Nf6 2. c4 g6 3. Nc3 Bg7 4. e4 d6 5. Be2 O-O 6. Nf3 Nbd7 7. h3 e5 8. d5
Nc5 9. Qc2 a5 10. g4 c6 11. Be3 cxd5 12. cxd5 Qb6 13. Nd2 Bd7 14. Nb3 Rfc8 15.
Nxc5 dxc5 16. O-O-O Ne8 17. d6 Nxd6 18. Qd2 Rc6 19. f4 exf4 20. Bxf4 Be6 21.
Bxd6 Rd8 22. e5 Bxe5 23. Bxe5 Rxd2 24. Rxd2 f6 25. Bxf6 Bxa2 26. Rd8+ Kf7 27.
Bg5 Rf6 28. Bxf6 Qe6 29. Bg5 1-0

[Event "Düsseldorfer SK 2 - Elberfelder SG 1"]
[Site "NRW-Liga - Gruppe 1 2021/2022"]
[Date "2021.10.31"]
[Round "1.4"]
[White "von Buenau, Heinrich"]
[Black "Noetzel, Frank"]
[Result "1-0"]
[WhiteElo "2129"]
[BlackElo "2219"]
[PlyCount "67"]
[EventDate "2021.??.??"]
[SourceVersionDate "2020.03.16"]
[WhiteTeam "Düsseldorfer SK 2"]
[BlackTeam "Elberfelder SG 1"]

1. c4 f5 2. g3 Nf6 3. Bg2 g6 4. Nc3 Bg7 5. d4 d6 6. e3 O-O 7. Nge2 e5 8. O-O c6
9. b3 e4 10. f3 exf3 11. Bxf3 Re8 12. Qd3 Qe7 13. Ba3 Bh6 14. Nf4 g5 15. Ng2
Na6 16. Rae1 Ne4 17. Bh5 Rf8 18. Nxe4 fxe4 19. Rxf8+ Bxf8 20. Qe2 Bd7 21. Rf1
Be8 22. Bxe8 Rxe8 23. Qh5 Nc7 24. h4 Qg7 25. hxg5 d5 26. Qxe8 Nxe8 27. Rxf8+
Qxf8 28. Bxf8 Kxf8 29. cxd5 cxd5 30. Nf4 Nc7 31. Kg2 Ke7 32. Kh3 Kd6 33. Kg4 a5
34. Kh5 1-0

[Event "Düsseldorfer SK 2 - Elberfelder SG 1"]
[Site "NRW-Liga - Gruppe 1 2021/2022"]
[Date "2021.10.31"]
[Round "1.5"]
[White "Kurr, Gerd"]
[Black "Mueller, Michael"]
[Result "1/2-1/2"]
[WhiteElo "2124"]
[BlackElo "2118"]
[PlyCount "41"]
[EventDate "2021.??.??"]
[SourceVersionDate "2020.03.16"]
[WhiteTeam "Elberfelder SG 1"]
[BlackTeam "Düsseldorfer SK 2"]

1. d4 e6 2. Nf3 Nf6 3. Bg5 c5 4. e3 cxd4 5. exd4 b6 6. Nbd2 Be7 7. c3 O-O 8.
Bd3 Bb7 9. O-O d6 10. Re1 Nbd7 11. Qe2 Re8 12. Rad1 Qc7 13. Ne4 Nxe4 14. Bxe4
Bxe4 15. Qxe4 Bxg5 16. Nxg5 Nf6 17. Qd3 d5 18. g3 Rab8 19. Re3 b5 20. a3 Qc4
21. Nf3 1/2-1/2

[Event "Düsseldorfer SK 2 - Elberfelder SG 1"]
[Site "NRW-Liga - Gruppe 1 2021/2022"]
[Date "2021.10.31"]
[Round "1.6"]
[White "Berndt, Axel"]
[Black "Tymura, Achim"]
[Result "1-0"]
[WhiteElo "2082"]
[BlackElo "2036"]
[PlyCount "79"]
[EventDate "2021.??.??"]
[SourceVersionDate "2020.03.16"]
[WhiteTeam "Düsseldorfer SK 2"]
[BlackTeam "Elberfelder SG 1"]

1. e4 c5 2. c3 d6 3. d4 Nf6 4. dxc5 Nc6 5. f3 dxc5 6. Qxd8+ Nxd8 7. Be3 e6 8.
Bb5+ Bd7 9. Bxd7+ Nxd7 10. Na3 a6 11. Rd1 b5 12. Ne2 Be7 13. c4 b4 14. Nc2 Nb6
15. b3 e5 16. Bf2 Nc6 17. Ne3 Nd4 18. Bg3 Bg5 19. Nxd4 exd4 20. Nf5 O-O 21. Bd6
Rfc8 22. Be7 Bf6 23. Bxf6 gxf6 24. Ne7+ Kf8 25. Nxc8 Rxc8 26. a3 bxa3 27. Ra1
a5 28. Kd2 a4 29. Kd3 axb3 30. Rxa3 Nd7 31. f4 Ke7 32. Rb1 Nf8 33. Ra7+ Nd7 34.
Rxb3 Ke6 35. Rbb7 Rd8 36. Ra6+ Ke7 37. Rc6 Ke8 38. Rcc7 Ke7 39. Rxc5 Kd6 40.
Rd5+ 1-0

[Event "Düsseldorfer SK 2 - Elberfelder SG 1"]
[Site "NRW-Liga - Gruppe 1 2021/2022"]
[Date "2021.10.31"]
[Round "1.7"]
[White "Rebbe, Marco"]
[Black "Zimmermann, Rolf"]
[Result "1-0"]
[WhiteElo "1986"]
[BlackElo "2100"]
[PlyCount "93"]
[EventDate "2021.??.??"]
[SourceVersionDate "2020.03.16"]
[WhiteTeam "Elberfelder SG 1"]
[BlackTeam "Düsseldorfer SK 2"]

1. Nf3 d5 2. d4 c6 3. Bf4 Nf6 4. e3 Bg4 5. Be2 e6 6. Nbd2 Bd6 7. Bg3 Qc7 8. Ne5
Bxe2 9. Qxe2 Nbd7 10. Nxd7 Qxd7 11. O-O O-O 12. Rfd1 Rfe8 13. Be5 Qe7 14. Bxf6
Qxf6 15. f4 Qg6 16. Nf3 f6 17. c4 Qe4 18. Re1 e5 19. fxe5 fxe5 20. dxe5 Bxe5
21. Nxe5 Rxe5 22. cxd5 Qxd5 23. Qf3 Rae8 24. Qxd5+ Rxd5 25. Re2 Red8 26. Rf1
Rd1 27. Rxd1 Rxd1+ 28. Kf2 Kf7 29. Kf3 Ke6 30. Ke4 c5 31. Rc2 b6 32. b3 Rd7 33.
Rf2 Rd8 34. Rc2 Rf8 35. Rd2 Rc8 36. Rc2 Kd6 37. Rd2+ Kc6 38. Kf5 Rf8+ 39. Ke6
Rf6+ 40. Ke7 b5 41. e4 c4 42. bxc4 bxc4 43. e5 Rg6 44. e6 c3 45. Re2 Kd5 46.
Kd7 c2 47. Rxc2 1-0

[Event "Düsseldorfer SK 2 - Elberfelder SG 1"]
[Site "NRW-Liga - Gruppe 1 2021/2022"]
[Date "2021.10.31"]
[Round "1.8"]
[White "Heller, Harald"]
[Black "Saoudi, Lahcen"]
[Result "1/2-1/2"]
[WhiteElo "1960"]
[BlackElo "1985"]
[PlyCount "59"]
[EventDate "2021.??.??"]
[SourceVersionDate "2020.03.16"]
[WhiteTeam "Düsseldorfer SK 2"]
[BlackTeam "Elberfelder SG 1"]

1. d4 Nf6 2. Nf3 g6 3. Bf4 Bg7 4. h3 d6 5. e3 O-O 6. Be2 Nbd7 7. O-O b6 8. c4
Bb7 9. Nc3 a6 10. Rc1 c5 11. a4 Ne4 12. d5 Nxc3 13. bxc3 Nf6 14. Nd2 Bc8 15. e4
e5 16. Bg5 Rb8 17. Rb1 Qc7 18. Qc2 Bd7 19. Rb2 Rb7 20. Rfb1 Rfb8 21. Nf1 Ne8
22. Ne3 Bf6 23. Bh6 Bg7 24. Bxg7 Kxg7 25. Bg4 Bxg4 26. Nxg4 h5 27. Ne3 Qe7 28.
Qe2 Nf6 29. Nf1 h4 30. Nh2 1/2-1/2